000 00686nam a2200265Ia 4500
005 20260121170346.0
008 008 260114s9999 xx 000 0 eng d
020 _a9783319711621
037 _aEBOOK
040 _aCRL
040 _beng
040 _cCRL
041 _2eng
041 _aeng
084 _qCRL
100 _aKaren L. Webber
_91062918
245 0 _aBuilding Capacity in Institutional Research and Decision Support in Higher Education
260 _bSpringer
260 _bSpringer
260 _c2018
856 _uhttps://link.springer.com/openurl?genre=book&isbn=978-3-319-71162-1
942 _cEBOOK
999 _c1628647
_d1628647